| 000 | 01144cam a2200277 a 4500 | ||
|---|---|---|---|
| 001 | 14524201 | ||
| 005 | 20180312095948.0 | ||
| 008 | 060829s2007 dcua b 001 0 eng | ||
| 010 | _a 2006028306 | ||
| 020 | _a0309102138 (cloth) | ||
| 020 | _a9780309102131 (cloth) | ||
| 020 | _a0309660998 (pdf) | ||
| 020 | _a9780309660990 (pdf) | ||
| 035 | _a(OCoLC)ocm71266412 | ||
| 040 |
_aDLC _cDLC _dBAKER _dC#P _dYDX _dYDXCP _dOCLCA _dCUX _dIXA _dDLC |
||
| 041 | _aeng | ||
| 080 | _a636.3/0852 CER | ||
| 082 | 0 | 0 |
_a636.3/0852 CER _222 |
| 100 | _a9 | ||
| 101 | _aNUT | ||
| 245 | 0 | 0 |
_aNutrient requirements of small ruminants : _cCommittee on Nutrient Requirements of Small Ruminants, Board on Agriculture and Natural Resources, Division on Earth and Life Studies, National Research Council of the National Academies. |
| 504 | _aIncludes bibliographical references and index. | ||
| 906 |
_a7 _bcbc _corignew _d1 _eecip _f20 _gy-gencatlg |
||
| 942 |
_2ddc _cBK |
||
| 999 |
_c44789 _d44789 |
||